000 01916nam a2200445 c 4500
100 1 _aАрнаудов, Михаил Петров
_933558
999 _c183529
_d183529
003 BLK
005 20240313005507.0
008 180411b bul|||||r ||||||| ||bul||
010 _aKNG00192462000
040 _aBLK
041 _aBUL
_cBUL
072 7 _2bullib
_aА
_xФонд Михаил Арнаудов
080 _aВъзпитание. Образование. Просвета. Организация на свободното време. Вж и 003;021. 3;159. 9;612;613;727
_b37
_x(497.2)(091)
_z37(497.2)(091)
080 _aВъзпитание. Образование. Просвета. Организация на свободното време. Вж и 003;021. 3;159. 9;612;613;727
_b37
_x(495)(091)
_z37(495)(091)
139 _aАрнаудов, Михаил Петров
_bА 87
245 1 0 _aГръцка и българска просвета в началото на ХІХ век
_cМихаил Петров Арнаудов.
257 _aBGR
260 _c1928
300 _a29 с.
_c24 см
380 _a3
490 _9396381
_aЧастна колекция - Академик Михаил Арнаудов
_gДарение - Основен фонд
500 _aОтпеч. от Бълг. ист. библиотека, 1, 1928, № 3, с. 148-176
650 4 _aОбразование - история
_9337749
651 4 _aБългария
_9241624
651 4 _aГърция
_9248438
653 _aобразование
653 _aПросвета
653 _aбалкански държави
659 _aА
852 _aМА 1048
856 4 _qpdf
856 4 _qpdf
942 _cKNG
_n0
_s1
944 _aCR
_c11.10.2016
_k
_lCRON CRON
944 _aED
_c11.10.2016
_kГеновева_Генчева
999 _d183529
999 _d183529
999 _d183529